Raoul Dufy (1877-1953) (Record no. 186505)

MARC details
000 -LEADER
campo de control de longitud fija 00946nam a2200253 i 4500
001 - NÚMERO DE CONTROL
campo de control 186505
003 - IDENTIFICADOR DE NÚMERO DE CONTROL
campo de control SpMaBN
005 - FECHA Y HORA DE LA ÚLTIMA TRANSACCIÓN
campo de control 20230906222701.0
008 - DATOS DE LONGITUD FIJA--INFORMACIÓN GENERAL
campo de control de longitud fija 161118s1990 sp a c |||| |dspa d
080 ## - NÚMERO DE LA CLASIFICACIÓN DECIMAL UNIVERSAL
Número de la Clasificación Decimal Universal 74 Dufy, Raoul (083.824)
080 ## - NÚMERO DE LA CLASIFICACIÓN DECIMAL UNIVERSAL
Número de la Clasificación Decimal Universal 75 Dufy, Raoul (083.824)
100 1# - ENTRADA PRINCIPAL--NOMBRE DE PERSONA
Nombre de persona Dufy, Raoul.
9 (RLIN) 145182
245 10 - MENCIÓN DEL TÍTULO
Título Raoul Dufy (1877-1953)
Resto del título : dibujos y acuarelas : [exposición] Caylus, del 23 de octubre al 3 de noviembre de 1990 /
Mención de responsabilidad, etc. [texto, Juan Manuel Bonet].
260 ## - PUBLICACIÓN, DISTRIBUCIÓN, ETC.
Lugar de publicación, distribución, etc. Madrid :
Nombre del editor, distribuidor, etc. Caylus,
Fecha de publicación, distribución, etc. [1990] (
Fabricante Tall. Gráf. de Rupem)
300 ## - DESCRIPCIÓN FÍSICA
Extensión VIII, 30 p. (1 p. pleg.) :
Otras características físicas principalmente il. col. y n. ;
Dimensiones 26 cm.
504 ## - NOTA DE BIBLIOGRAFÍA, ETC.
Nota de bibliografía, etc. Bibliografía: p. VII.
600 17 - PUNTO DE ACCESO ADICIONAL DE MATERIA--NOMBRE DE PERSONA
Nombre de persona Dufy, Raoul-
Subdivisión de forma Exposiciones.
9 (RLIN) 161324
655 #7 - TERMINO DE INDIZACIÓN--GENERO/FORMA
Fuente del término tgfbne
9 (RLIN) 193628
Datos o término principal de género/forma Catálogos de exposiciones
700 1# - ENTRADA AGREGADA--NOMBRE PERSONAL
Nombre de persona Bonet, Juan Manuel.
9 (RLIN) 30121
710 2# - ENTRADA AGREGADA--NOMBRE DE ENTIDAD CORPORATIVA
Nombre de entidad corporativa o nombre de jurisdicción como elemento de entrada Caylus Anticuario.
9 (RLIN) 161325
852 ## - LOCALIZACIÓN
Ubicación ES-MaACL
Número de control de estantería L-30849
942 ## - ELEMENTOS DE ENTRADA SECUNDARIOS (KOHA)
Fuente del sistema de clasificación o colocación Clasificación decimal universal
Holdings
Estatus retirado Estado de pérdida Estado de daño No para préstamo Biblioteca de origen Biblioteca actual Ubicación en estantería Fecha de adquisición Fuente de adquisición Total de préstamos Signatura topográfica completa Código de barras Visto por última vez Precio de reemplazo Tipo de ítem Koha
        Biblioteca del Ateneo de Madrid Biblioteca del Ateneo de Madrid Depósito 2 18/11/2016     L-30849 1196671 23/02/2023 23/02/2023 Libro impreso